000 00522nam a2200181Ia 4500
005 20250508150849.0
008 008 250505s9999 xx 000 0 eng d
037 _aTextual
040 _aFEDL
_beng
_cFEDL
041 _aeng
_2eng
084 _a630.1, RAD
_qFEDL
100 _aRandhawa M S
245 0 _aDeveloping village India: Studies in village problems
260 _aBombay, India
_bOrient Longman Pvt. Ltd.
_c1951
300 _axv,290p
942 _cTEXL
_h630.1, RAD
999 _c1326166
_d1326166